<?xml version="1.0" encoding="UTF-8"?>
<marc:record xmlns:marc="http://www.loc.gov/MARC21/slim">
   <marc:leader>00000nam a2200000 a 4500</marc:leader>
   <marc:datafield ind1="1" ind2=" " tag="100">
      <marc:subfield code="a">Suter, Martin</marc:subfield>
      <marc:subfield code="4">aut</marc:subfield>
      <marc:subfield code="e">Verfasser/-in</marc:subfield>
   </marc:datafield>
   <marc:datafield ind1="0" ind2="0" tag="245">
      <marc:subfield code="a">Die dunkle Seite des Mondes</marc:subfield>
   </marc:datafield>
   <marc:datafield ind1=" " ind2="1" tag="264">
      <marc:subfield code="b">Alamode Film</marc:subfield>
      <marc:subfield code="c">2016</marc:subfield>
   </marc:datafield>
   <marc:datafield ind1="1" ind2=" " tag="520">
      <marc:subfield code="a">Darsteller: Moritz Bleibtreu, Jürgen Prochnow, Nora von Waldstätten, Doris Schretzmayer, Andre Hennicke
Regisseur(e): Stephan Rick, nach dem Roman von Martin Suter
Wirtschaftsanwalt Urs Blank hat durch sein Verhandlungsgeschick gerade wieder eine wichtige Firmenfusion für seinen Mandanten abgeschlossen. Doch als ein Geschäftskollege direkt vor seinen Augen Suizid begeht, gerät sein Leben völlig aus den Fugen. Mit bedingt durch einen heftigen Drogentrip entdeckt Blank plötzlich die dunkle, die böse Seite seines Ichs und wird so zur tödlichen Gefahr für seine Umwelt. Sollte Blank nicht irgendwo in den Wäldern ein Gegenmittel für seinen verunglückten Pilztrip finden, ist keiner vor ihm sicher. </marc:subfield>
   </marc:datafield>
   <marc:datafield ind1="3" ind2=" " tag="024">
      <marc:subfield code="a">4042564166071</marc:subfield>
   </marc:datafield>
</marc:record>
